Μεγαλύτερο Όνομα Χώρας Α-Ω - Statistics

General Stats
  • This quiz has been taken 16 times
  • The average score is 9 of 20
Answer Stats
Γράμμα Μήκος Χώρα % Correct
Η 21 Ηνωμένα Αραβικά Εμιράτα
77%
Χ 4 Χιλή
77%
Δ 20 Δομινικανή Δημοκρατία
69%
Λ 24 Λαϊκή Δημοκρατία του Κονγκό
69%
Ζ 10 Ζιμπάμπουε
62%
Υ 6 Υεμένη
62%
Π 16 Παπούα Νέα Γουινέα/Πράσινο Ακρωτήριο
54%
Ρ 8 Ρουμανία
54%
Κ 26 Κεντροαφρικανική Δημοκρατία
46%
Ο 33 Ομόσπονδες Πολιτείες της Μικρονησίας
46%
Φ 10 Φιλιππίνες
46%
Α 27 Άγιος Βικέντιος και Γρεναδίνες
38%
Τ 21 Τρινιντάντ και Τομπάγκο
38%
Β 19 Βοσνία και Ερζεγοβίνη
31%
Ν 14 Νήσοι Σολομώντα
31%
Σ 18 Σάο Τομέ και Πρίνσιπε
31%
Ε 10 Ελ Σαλβαδόρ
23%
Γ 16 Γουινέα-Μπισσάου
15%
Ι 16 Ισημερινή Γουινέα
15%
Μ 13 Μπουρκίνα Φάσο
15%
No matching quizzes found
Score Distribution
Percent of People with Each Score
Percentile by Number Answered
Your Score History
You have not taken this quiz